Estudio de prefactilidad de la producción y comercialización de productos derivados del cacao en el casco urbano de Managua

Estudio a nivel de prefactibilidad que comprende una serie de análisis multidisciplinarios que sistemáticamente establecerán las bases teóricas y prácticas para desarrollar el proyecto industrial que lleva por nombre: producción y comercialización de productos derivados del cacao, los...

Full description

Bibliographic Details
Main Author: Laínez López, Winston Enoc
Other Authors: Tutor: Chavarría Gonzáles, Denis Roger
Format: Tesis Section = Libro
Language:Undetermined
Spanish
Published: Managua UNI 2014
Subjects:
LEADER 01399nam a2200277Ia 4500
008 240830s9999 xx 000 0 und d
040 |a BIBLIOTECA-RUPAP Mon 658.11 L186 
041 |a spa 
082 |a Mon 658.11 L186 
100 1 |a Laínez López, Winston Enoc 
245 1 0 |a Estudio de prefactilidad de la producción y comercialización de productos derivados del cacao en el casco urbano de Managua 
260 |a Managua  |b UNI  |c 2014 
300 |a 97 p. :il. 
500 |a Contiene Anexos y CD 
502 |a Tesis (Ingeniero Industrial)- UNI, 2014. 
520 3 |a Estudio a nivel de prefactibilidad que comprende una serie de análisis multidisciplinarios que sistemáticamente establecerán las bases teóricas y prácticas para desarrollar el proyecto industrial que lleva por nombre: producción y comercialización de productos derivados del cacao, los cuales están destinados para el consumo interno de la ciudad de Managua con el propósito de sustituir parcialmente las importaciones anuales de este tipo de productos. 
650 7 |a NUEVO NEGOCIO- PROYECTOS 
650 7 |b ESTUDIO DE FACTIBILIDAD 
650 7 |c DESARROLLO DE NUEVOS PRODUCTOS 
650 7 |d CACAO- PRODUCCION 
650 7 |e CACAO- INDUSTRIA Y COMERCIO 
650 7 |f ESTUDIO DE MERCADO 
700 1 |a Tutor:  |b Chavarría Gonzáles, Denis Roger 
942 |c BK  |2 ddc 
991 |a TESIS 
999 |c 16937